00333nam a2200133Ia 450000100060000000800410000604000130004708200210006010000220008124500380010326000400014130000110018154600070019227793140414s9999 xx 000 0 und d cPK-LaUMT a 155.9042bKAS-T aKashif Fraz Ahmed aTension (Urdu)cKashif Fraz Ahmed aLahore,Pakistan:bTakhleqaat,c1998 a148 p. aUR